| 000 | 01004nam a2200229Ia 4500 | ||
|---|---|---|---|
| 001 | L230-5889 | ||
| 003 | IT-CnALBA | ||
| 008 | 170116s9999||||xx |||||||||||||| ||und|| | ||
| 040 |
_aIT-CnALBA _cIT-CnALBA |
||
| 041 | _aITALIANO | ||
| 100 | _aJOURNET CHARLES, CARDINALE | ||
| 245 | 0 | _aINTRODUZIONE ALLA TEOLOGIA. | |
| 250 | _a1a ed. | ||
| 260 |
_aCINISELLO BALSAMO (MI) _bEDIZIONI PAOLINE _c1956 [1° Ed.:1956 - Ed.Ling.Originale: 1956] |
||
| 300 | _a210 p. (prefazione: 78) | ||
| 500 | _aSAPIENZA DELL'AMORE. SAPIENZA DELLA FEDE. DOTTRINA CRISTIANA. TEOLOGIA DOTTRINALE. TEOLOGIA STORICA. SAPIENZA DELLA RAGIONE. CONOSCENZA CRISTIANA. | ||
| 501 | _aSocietà San Paolo EM - Piazza San Paolo, 14 - 12051 ALBA (CN) (non commercial uses only) ® Copyright 2017 | ||
| 520 | _aSAPIENZA DELL'AMORE. SAPIENZA DELLA FEDE. DOTTRINA CRISTIANA. TEOLOGIA DOTTRINALE. TEOLOGIA STORICA. SAPIENZA DELLA RAGIONE. CONOSCENZA CRISTIANA. | ||
| 650 | _aDOGMATICA CRISTIANA | ||
| 942 | _cBK | ||
| 957 | _71 | ||
| 999 |
_a6866 _bNO _g Copie: 1 _c265072 _d265072 |
||